000 00776nam a2200229Ii 4500
003 JO-AjNU
008 230605s9999||||xx |||||||||||||| ||und||
017 _a2011/1/234
020 _a978-9957-07-910-9
040 _aJO-AjNU
_bara
_erda
_cJO-AjNU
041 _aara
050 1 4 _aBF576.J37.2012
100 3 _aجروان، فتحي عبد الرحمن,
_eauthor
_942999
245 0 0 _aالذكاء العاطفي والتعلم الاجتماعي العاطفي
250 _aط1
264 3 1 _aعمان:دار الفكر ناشرون وموزعون ، 2012
300 _a320ص
336 _atext
_btxt
_2rdacontent
337 _aunmediated
_bn
_2rdamedia
338 _avolume
_bnc
_2rdacarrier
650 4 _aالذكاء-القدرات العقلية-التعلم
_943000
999 _aA18453
_c22021
_d22021